Historia de Europa en el siglo XIX / (Record no. 50119)

MARC details
000 -LEADER
campo de control de longitud fija 00786nam a2200229 i 4500
001 - NÚMERO DE CONTROL
campo de control 50119
003 - IDENTIFICADOR DE NÚMERO DE CONTROL
campo de control ES-MaACL
005 - FECHA Y HORA DE LA ÚLTIMA TRANSACCIÓN
campo de control 20250803063048.0
007 - CAMPO FIJO DE DESCRIPCIÓN FÍSICA--INFORMACIÓN GENERAL
campo de control de longitud fija t|
008 - DATOS DE LONGITUD FIJA--INFORMACIÓN GENERAL
campo de control de longitud fija 030730s1933 sp ||||1| spa d
080 ## - NÚMERO DE LA CLASIFICACIÓN DECIMAL UNIVERSAL
Número de la Clasificación Decimal Universal 94(4)"1789/1900"
100 1# - ENTRADA PRINCIPAL--NOMBRE DE PERSONA
Nombre de persona Croce, Benedetto,
Fechas asociadas al nombre 1866-1952
9 (RLIN) 241508
245 10 - MENCIÓN DEL TÍTULO
Título Historia de Europa en el siglo XIX /
Mención de responsabilidad, etc. Benedetto Croce ; traducción del italiano de Juan Chabás.
260 ## - PUBLICACIÓN, DISTRIBUCIÓN, ETC.
Lugar de publicación, distribución, etc. Madrid :
Nombre del editor, distribuidor, etc. M. Aguilar,
Fecha de publicación, distribución, etc. 1933.
300 ## - DESCRIPCIÓN FÍSICA
Extensión 352 p. ;
Dimensiones 20 cm.
490 1# - MENCIÓN DE SERIE
Mención de serie Biblioteca de ideas y estudios contemporáneos
651 #4 - PUNTO DE ACCESO ADICIONAL DE MATERIA--NOMBRE GEOGRÁFICO
Nombre geográfico Europa-
Subdivisión general Historia-
Subdivisión cronológica 1789-1900.
9 (RLIN) 138070
700 1# - ENTRADA AGREGADA--NOMBRE PERSONAL
Nombre de persona Chabás, Juan (
Fechas asociadas al nombre 1900-1954)
9 (RLIN) 37722
830 1# - PUNTO DE ACCESO ADICIONAL DE SERIE-TÍTULO UNIFORME
Título uniforme Biblioteca de ideas y estudios contemporáneos
9 (RLIN) 180868
852 ## - LOCALIZACIÓN
Ubicación ES-MaACL
Número de control de estantería A-1990
Holdings
Estatus retirado Estado de pérdida Estado de daño No para préstamo Biblioteca de origen Biblioteca actual Ubicación en estantería Fecha de adquisición Fuente de adquisición Total de préstamos Signatura topográfica completa Código de barras Visto por última vez Precio de reemplazo Tipo de ítem Koha
        Biblioteca del Ateneo de Madrid Biblioteca del Ateneo de Madrid Sala Pecera Planta 1 17/01/2008     A-1990 1052723 23/02/2023 23/02/2023 Libro impreso